[Event "<1600, practising wit Ruy"]
[Site "SchemingMind.com"]
[Date "2010.06.21"]
[Round "-"]
[White "Lars"]
[Black "scottie"]
[Result "1-0"]
[WhiteCountry "SWE"]
[BlackCountry "ENG"]
[WhiteElo "1558"]
[WhiteRD "66"]
[BlackElo "1350"]
[BlackRD "91"]
[GameID "252384"]

1. e4 e5 2. Nf3 Nc6 3. Bb5 a6 4. Ba4 Nf6 5. O-O Be7 6. Re1 b5 7. Bb3 d6 8. c3 O-O 9. h3 Na5 10. Bc2 d5
11. Nxe5 dxe4 12. Bxe4 Nxe4 13. Rxe4 Bb7 14. Re1 Qd5 15. Nf3 Qd7 16. b4 Nc6 17. Bb2 f6 18. d4 Nd8 19. Nbd2 a5 20. a3 a4
21. Ne4 Re8 22. Qd3 Ra6 23. Re2 Re6 24. Rae1 Bd6 25. Nxd6 Qxd6 26. Rxe6 Rxe6 27. Rxe6 Qxe6 28. Qxb5 Bxf3 29. gxf3 Qe1+ 30. Kg2 Qd2
31. Qe8#
1-0

[Event "<1600, practising wit Ruy"]
[Site "SchemingMind.com"]
[Date "2010.06.21"]
[Round "-"]
[White "wolfik"]
[Black "scottie"]
[Result "1-0"]
[WhiteCountry "POL"]
[BlackCountry "ENG"]
[WhiteElo "1767"]
[WhiteRD "110"]
[BlackElo "1358"]
[BlackRD "112"]
[GameID "252385"]

1. e4 e5 2. Nf3 Nc6 3. Bb5 a6 4. Ba4 Nf6 5. O-O Be7 6. Re1 b5 7. Bb3 d6 8. c3 O-O 9. h3 Na5 10. Bc2 d5
11. exd5 Nxd5 12. Nxe5 f6 13. Nf3 Nc6 14. d4 Bd6 15. Qd3 g6 16. Bh6 Rf7 17. Bb3 Bf8 18. Bxf8 Rxf8 19. Qe4 Ne7 20. Qxe7 Qxe7
21. Rxe7 Kh8 22. Bxd5 Ra7 23. Nbd2
1-0